| 000 | 00476nam a2200133 4500 | ||
|---|---|---|---|
| 008 | 240219b |||||||| |||| 00| 0 eng d | ||
| 022 | _a07426763 | ||
| 245 | _aThe American journal of Islamic social sciences-Vol. 17, no. 2 (Summer 2000) | ||
| 260 |
_aHerndon, (USA) : _bThe Association of Muslim social scientists : International institute of Islamic thought, _c2000 |
||
| 300 | _b1-145 p. | ||
| 650 | _aIslam -- Periodicals | ||
| 650 | _aMuslims -- Periodicals | ||
| 942 | _cCR | ||
| 999 |
_c4758 _d4758 |
||